Bandana Tracklist (Freddie Gibbs, Madlib) - Statistics

General Stats
  • This quiz has been taken 13 times
  • The average score is 10 of 15
Answer Stats
Hint Answer % Correct
14 Education(feat. Yasiin Bey & Black Thought)
89%
7 Fake Names
89%
6 Palmolive(feat. Pusha T & Killer Mike)
89%
4 Crime Pays
78%
2 Freestyle S**t
78%
3 Half Manne Half Cocaine
78%
15 Soul Right
78%
12 Cataracts
67%
8 Flat Tummy Tea
67%
10 Giannis(feat. Anderson .Paak)
67%
5 Massage Seats
67%
1 Obrigado
67%
13 Gat Damn
44%
11 Practice
44%
9 Situations
44%
No matching quizzes found
Score Distribution
Percent of People with Each Score
Percentile by Number Answered
Your Score History
You have not taken this quiz